Augustine's change of aspect
| Main Author: | |
|---|---|
| Format: | Print Article |
| Language: | English |
| Check availability: | HBZ Gateway |
| Interlibrary Loan: | Interlibrary Loan for the Fachinformationsdienste (Specialized Information Services in Germany) |
| Published: |
2005
|
| In: |
Heythrop journal
Year: 2005, Volume: 46, Issue: 2, Pages: 135-148 |
| Standardized Subjects / Keyword chains: | B
Augustinus, Aurelius, Saint 354-430, Confessiones
/ Wittgenstein, Ludwig 1889-1951
/ Aspect seeing
|
| RelBib Classification: | KAB Church history 30-500; early Christianity VB Hermeneutics; Philosophy |
| Further subjects: | B
Augustinus, Aurelius Saint (354-430) Confessiones
|
| Parallel Edition: | Electronic
|
MARC
| LEADER | 00000caa a22000002c 4500 | ||
|---|---|---|---|
| 001 | 1645625869 | ||
| 003 | DE-627 | ||
| 005 | 20221215210452.0 | ||
| 007 | tu | ||
| 008 | 160405s2005 xx ||||| 00| ||eng c | ||
| 035 | |a (DE-627)1645625869 | ||
| 035 | |a (DE-576)466542984 | ||
| 035 | |a (DE-599)BSZ466542984 | ||
| 040 | |a DE-627 |b ger |c DE-627 |e rda | ||
| 041 | |a eng | ||
| 084 | |a 1 |2 ssgn | ||
| 100 | 1 | |0 (DE-588)1035257114 |0 (DE-627)747095361 |0 (DE-576)382861914 |4 aut |a Cline, Erin M. | |
| 109 | |a Cline, Erin M. | ||
| 245 | 1 | 0 | |a Augustine's change of aspect |
| 264 | 1 | |c 2005 | |
| 336 | |a Text |b txt |2 rdacontent | ||
| 337 | |a ohne Hilfsmittel zu benutzen |b n |2 rdamedia | ||
| 338 | |a Band |b nc |2 rdacarrier | ||
| 500 | |a Rezeption | ||
| 600 | 1 | 7 | |0 (DE-588)4120947-3 |0 (DE-627)105772836 |0 (DE-576)209539275 |a Augustinus, Aurelius |c Heiliger |d 354-430 |t Confessiones |2 gnd |
| 601 | |a Augustiner | ||
| 652 | |a KAB:VB | ||
| 689 | 0 | 0 | |d u |0 (DE-588)4120947-3 |0 (DE-627)105772836 |0 (DE-576)209539275 |a Augustinus, Aurelius |2 gnd |c Heiliger |d 354-430 |t Confessiones |
| 689 | 0 | 1 | |d p |0 (DE-588)118634313 |0 (DE-627)135609127 |0 (DE-576)209165634 |2 gnd |a Wittgenstein, Ludwig |d 1889-1951 |
| 689 | 0 | 2 | |d s |0 (DE-588)4538081-8 |0 (DE-627)267374240 |0 (DE-576)21347218X |2 gnd |a Sehen als |
| 689 | 0 | |5 (DE-627) | |
| 773 | 0 | 8 | |i In |t Heythrop journal |d Oxford : Blackwell Publ., 1960 |g 46(2005), 2, Seite 135-148 |w (DE-627)16675322X |w (DE-600)301401-0 |w (DE-576)015188787 |x 0018-1196 |7 nnas |
| 773 | 1 | 8 | |g volume:46 |g year:2005 |g number:2 |g pages:135-148 |
| 776 | |i Erscheint auch als |n elektronische Ausgabe |w (DE-627)1781943281 |k Electronic | ||
| 935 | |a mteo |a AUGU | ||
| 951 | |a AR | ||
| ELC | |b 1 | ||
| ITA | |a 1 |t 1 | ||
| LOK | |0 000 xxxxxcx a22 zn 4500 | ||
| LOK | |0 001 3315010293 | ||
| LOK | |0 003 DE-627 | ||
| LOK | |0 004 1645625869 | ||
| LOK | |0 005 20160405144652 | ||
| LOK | |0 008 160404||||||||||||||||ger||||||| | ||
| LOK | |0 040 |a DE-Tue135 |c DE-627 |d DE-Tue135 | ||
| LOK | |0 092 |o n | ||
| LOK | |0 852 |a DE-Tue135 | ||
| LOK | |0 852 1 |9 00 | ||
| LOK | |0 935 |a ixzs |a ixmi | ||
| LOK | |0 936ln |0 1442044284 |a KAB | ||
| LOK | |0 936ln |0 144205381X |a VB | ||
| LOK | |0 939 |a 04-04-16 |b l01 | ||
| LOK | |0 000 xxxxxcx a22 zn 4500 | ||
| LOK | |0 001 4232745734 | ||
| LOK | |0 003 DE-627 | ||
| LOK | |0 004 1645625869 | ||
| LOK | |0 005 20221220162505 | ||
| LOK | |0 008 221215||||||||||||||||ger||||||| | ||
| LOK | |0 035 |a (DE-Tue135-4)zaf-37332 | ||
| LOK | |0 040 |a DE-Tue135-4 |c DE-627 |d DE-Tue135-4 | ||
| LOK | |0 092 |o n | ||
| LOK | |0 689 |a t |0 1826896732 |t Confessiones = conf. |x 00 | ||
| LOK | |0 689 |a s |0 1826905677 |a lingua | ||
| LOK | |0 689 |a s |0 1826897240 |a conuersio | ||
| LOK | |0 852 |a DE-Tue135-4 | ||
| LOK | |0 852 1 |9 00 | ||
| LOK | |0 935 |a wumi | ||
| LOK | |0 939 |a 15-12-22 |b l01 | ||
| ORI | |a SA-MARC-ixtheoa001.raw | ||
| REL | |a 1 | ||
| STA | 0 | 0 | |a Aspect seeing,Aspect viewing,Seeing under a specific aspect |
| STB | 0 | 0 | |a Voir comme |
| STC | 0 | 0 | |a Ver como |
| STD | 0 | 0 | |a Vedere come |
| STE | 0 | 0 | |a 角度透视 |
| STF | 0 | 0 | |a 角度透視 |
| STG | 0 | 0 | |a Ver como |
| STH | 0 | 0 | |a Видение (мнение) |
| STI | 0 | 0 | |a Βλέπει σαν,Seeing as,Aspect seeing |
| SUB | |a REL | ||
| SYA | 0 | 0 | |a Augustinus, Aurelius,Heiliger,354-430,Bekenntnisse,Augustinus, Aurelius,Heiliger,354-430,Confessionum libri tredecim,Augustinus, Aurelius,Heiliger,354-430,Liber confessionum,Augustinus, Aurelius,Heiliger,354-430,Die dreyzehen Bücher der Bekantnussen,Augustinus, Aurelius,Heiliger,354-430,Die Bekenntnisse,Augustinus, Aurelius,Heiliger,354-430,St. Augustin's confessions,Augustinus, Aurelius,Heiliger,354-430,Confessions,Augustinus, Aurelius,Heiliger,354-430,Confessioni,Augustinus, Aurelius,Heiliger,354-430,Conf.,Augustinus, Aurelius,Heiliger,354-430,Des heiligen Augustin Bekenntnisse,Augustinus, Aurelius,Heiliger,354-430,St. Augustin's confessions |
| SYG | 0 | 0 | |a Augustinus, Aurelius,Heiliger,354-430,Bekenntnisse,Augustinus, Aurelius,Heiliger,354-430,Confessionum libri tredecim,Augustinus, Aurelius,Heiliger,354-430,Liber confessionum,Augustinus, Aurelius,Heiliger,354-430,Die dreyzehen Bücher der Bekantnussen,Augustinus, Aurelius,Heiliger,354-430,Die Bekenntnisse,Augustinus, Aurelius,Heiliger,354-430,St. Augustin's confessions,Augustinus, Aurelius,Heiliger,354-430,Confessions,Augustinus, Aurelius,Heiliger,354-430,Confessioni,Augustinus, Aurelius,Heiliger,354-430,Conf.,Augustinus, Aurelius,Heiliger,354-430,Des heiligen Augustin Bekenntnisse,Augustinus, Aurelius,Heiliger,354-430,St. Augustin's confessions , Wittgenstein, Ludwig Josef Johann,1889-1951,Wittgenstein, Ludwig J.,1889-1951,Wittgenstein, Ludovicus,1889-1951,Wittgenstein, Ludvig,1889-1951,Wittgenstein, L.,1889-1951,Wittgenstein,1889-1951,Wîtgenšṭain, Lûdwig,1889-1951,Witgenšṭeyn, Lûdwîg,1889-1951,Wītginšitāyn, Lūdwīg,1889-1951,Vitgenšteins, Ludvigs,1889-1951,Vitgenštajn, Ljudvig,1889-1951,Vitgenštajn, Ludvig,1889-1951,Vitgenšteinas, Liudvigas,1889-1951,Vitgenštejn, Ljudvig,1889-1951,Vitogenshutain, Rūtovihi,1889-1951,Uitogenshutain, Rūtovihi,1889-1951,Uitogenshutain,1889-1951,Vitogenshutain,1889-1951,Bittnkenstaïn, Luntbich,1889-1951,Fitǧinštaīn, Lūdfīǧ,1889-1951,Witgjenshtjejn, Ljudwig,1889-1951,Vitgenštejn, Ljudvig,1889-1951,Bi teu gen syu ta in,1889-1951 , Aspektsehen |



